000 nam a22 a 4500
999 _c11640
_d11640
003 BLK
005 20221007095408.0
008 180412b bul|||||r ||||||| ||bul||
040 _aBLK
041 _aBUL
_cBUL
080 _aЗемна механика. Строително почвознание. Инженерна геология. Класификация на почвите. Изследване на почвите - Статика на почвите, динамика на почвите, и
_b624.131
_x(075.8)
_z624.131(075.8)
100 1 _aБалушев, Балуш Е.
_eпърви автор
_9256715
139 _aЗемна механика
_bЗ 56
245 1 0 _aЗемна механика
_bУчебник за студентите от ВИСИ
_cБалуш Е. Балушев и др.
250 _a2. изд.
257 _aBGR
260 _aСофия
_bТехника
_c1975
300 _a532 с.
_bс ил., черт., диагр.
_c24 см
380 _a62
500 _aДруги авт. : Г. С. Стефанов, Г. А. Дингозов, В. С. Венков, А. Д. Алексиев, Н. В. Косев, Т. Г. Евтимов, Ил. Н. Кръстилов, Л. Т. Маринова ; Авт. Теодор Георгиев Етимов погрешно означен Т. Г. Евтимов. - 1. изд. 1971. - Библиогр. с. 518-525
650 4 _aМеханика, земна
_9256716
653 _aземна механика
653 _aучебници за ВУЗ
852 _aЦб 78405
_bЦб
942 _cKNG
_n0
_s1
944 _aCR
_c21.06.2010
_kГеновева_Генчева
944 _aED
_c2022-10-07
_kСТ
999 _d11640